Fragen aus der Wissenschaft - Buchstabe P - Statistiken

Allgemein
  • Dieses Quiz wurde 159 mal gespielt
  • Das Durchschnittsergebnis liegt bei 11 aus 20
Antwortstatistiken
Hinweis Antwort % Korrekt
Himmelskörper, der um eine Sonne kreist Planet
95%
Vorgang, bei dem Pflanzen Energie aus Licht gewinnen Photosynthese
92%
Griechischer Mathematiker - a2 = b2 + c2 Pythagoras
91%
Lebenswichtiger Nährstoff aus Aminosäuren - Eiweiß Protein
83%
Lebewesen, das auf Kosten anderer lebt Parasit
80%
Antibiotikum, ursprünglich gewonnen aus Schimmelpilzen Penicillin
68%
Liebe zur Weisheit - Denken über Sein und Wissen Philosophie
68%
Vorhersage des Verlaufs einer Krankheit Prognose
68%
Mathematische Kurve oder lehrreiche Erzählung Parabel
67%
Deutscher Physiker - Begründer der Quantenphysik Max Planck
61%
Irrationale, übermäßige Angst vor Objekt oder Situation Phobie
56%
Französischer Chemiker und Mikrobiologe - Haltbarmachung Louis Pasteur
48%
Superkontinent vor etwa 300 Millionen Jahren Pangaea
44%
Russischer Mediziner und Verhaltensforscher - Hund Ivan Petrovič Pavlov
40%
Wissenschaft von den Lebewesen vergangener Erdzeitalter Paläontologie
36%
Botenstoff zur Informationsübertragung zwischen Lebewesen Pheromon
27%
Schweizer Arzt und Alchemist - Die Dosis macht das Gift Paracelsus
14%
Griechischer Astronom - Vertreter des geozentrischen Weltbilds Claudius Ptolemäus
9%
Österreichischer Quantenphysiker - Ausschließungsprinzip Wolfgang Pauli
8%
Französischer Mathematiker und Physiker - Millennium-Problem Henri Poincaré
2%
Keine übereinstimmenden Quizze gefunden
Verteilung der Resultate
Anzahl Personen mit jedem Resultat
Perzentil nach korrekt beantworteten Fragen
Ihre Resultats-Entwicklung
Sie haben dieses Quiz noch nicht gespielt